MARC

LEADER 00000nam0a2200000 4500
001 317644
005 20231102003009.0
035 |a (RuTPU)RU\TPU\book\343112 
090 |a 317644 
100 |a 20160412d1966 m y0rusy50 ca 
101 0 |a rus 
102 |a RU 
105 |a c z 000zy 
200 1 |a Земля  |e книга-фильм  |f А. П. Довженко 
210 |a Москва  |c Бюро пропаганды Советского киноискусства  |d 1966 
215 |a 186 с.  |c ил. 
606 1 |a Кинематография  |2 stltpush  |3 (RuTPU)RU\TPU\subj\39488  |9 59564 
610 1 |a кино 
610 1 |a фильмы 
610 1 |a актеры 
610 1 |a сценарии 
675 |a 778.5-28  |v 4 
700 1 |a Довженко  |b А. П.  |c украинский советский кинорежиссёр, сценарист, актёр, педагог  |c заслуженный деятель искусств Украинской ССР (1940),народный артист РСФСР (1950)  |f 1894-1956  |g Александр Петрович  |2 stltpush  |3 (RuTPU)RU\TPU\pers\36695 
801 1 |a RU  |b 63413507  |c 20160412 
801 2 |a RU  |b 63413507  |c 20160520  |g RCR 
942 |c BK